| 000 | 00000nam##2200000za#4500 |
| 001 | 9.578881 |
| 003 | CaOODSP |
| 005 | 20210624190308 |
| 007 | cr ||||||||||| |
| 008 | 150406|1990||||xxc|||||o f|0| 0 eng|d |
| 022 | |a1488-5379 |
| 040 | |aCaOODSP|beng |
| 043 | |an-cn--- |
| 086 | 1 |aFs97-6/1721E-PDF |
| 110 | 1 |aCanada. |bDepartment of Fisheries and Oceans. |
| 245 | 14|aThe Georgia and Johnstone Straits herring bait fishery in 1986 : |h[electronic resource]|bresults of a questionnaire survey / |cby J.F. Schweigert and M. Linekin. |
| 260 | |aNanaimo - British Columbia : |bFisheries and Oceans Canada |c1990. |
| 300 | |a50p.|bfigs., references, tables |
| 490 | 1 |aCanadian technical report of fisheries and aquatic sciences|x1488-5379|vNo. 1721 |
| 500 | |aOn t.p.: Pacific Biological Station, Nanaimo, British Columbia. The catalogue number and ISSN for the print edition appear in the PDF version. |
| 546 | |a(Résumé en français) |
| 590 | |a14-04-Supp|b2014-02-05 |
| 720 | 1 |aLinekin, M. |
| 720 | 1 |aSchweigert, J. F. |
| 830 | #0|aCanadian technical report of fisheries and aquatic sciences,|x1488-5379|vNo. 1721|w(CaOODSP)9.504449 |
| 856 | 40|ahttp://publications.gc.ca|qPDF|s1094 KB|uhttps://publications.gc.ca/collections/collection_2014/mpo-dfo/Fs97-6-1721-eng.pdf|yNo. 1721 |